|
|
|
|
| LEADER |
01086nta a2200229 i 4500 |
| 001 |
dokt454 |
| 005 |
20200114080438.0 |
| 008 |
100510s2006 hu om 0|| eng d |
| 024 |
7 |
|
|a 22517458
|2 mtmt
|
| 040 |
|
|
|a SZTE Doktori Repozitórium
|b hun
|
| 041 |
|
|
|a eng
|
| 100 |
1 |
|
|a Baltás Eszter
|
| 245 |
1 |
0 |
|a Treatment of skin diseases with 308 nm xenon chloride ultraviolet B laser
|h [elektronikus dokumentum] /
|c Baltás Eszter
|
| 246 |
1 |
0 |
|a 308 nm-es xenon-klorid lézer a bőrgyógyászatban
|h [elektronikus dokumentum]
|
| 260 |
|
|
|c 2006
|
| 502 |
|
|
|a Disszertacio
|
| 650 |
|
4 |
|a klinikai orvostudományok
|
| 700 |
1 |
|
|a Kemény Lajos
|e ths
|
| 856 |
4 |
0 |
|u https://doktori.bibl.u-szeged.hu/id/eprint/454/1/2006_baltas_eszter.pdf
|z Dokumentum-elérés
|
| 856 |
4 |
0 |
|u https://doktori.bibl.u-szeged.hu/id/eprint/454/2/2006_baltas_eszter_osszefogl.pdf
|z Dokumentum-elérés
|
| 856 |
4 |
0 |
|u https://doktori.bibl.u-szeged.hu/id/eprint/454/4/2006_baltas_eszter_summery.pdf
|z Dokumentum-elérés
|
| 856 |
4 |
0 |
|u https://doktori.bibl.u-szeged.hu/id/eprint/454/3/2006_baltas_eszter_publikaciok.pdf
|z Dokumentum-elérés
|